00556nam a2200169 a 450000100100000000500170001000800410002704000250006810000300009324500310012325000120015426000470016630000200021350400300023395201060026399900170036900003860620230131102203.0130416s2009 dr 000 0 spa d aDO-SdBNPbspacBNPHU1 aMorel, Luis A. Ulloa969110aPara entender filosofia /. a4a. ed. aSanto Domingo :bEdiciones Saberes,c2009. a64 p. ;c21 cm. aBibliografía : p. 63-64 00107-18PDaPDbPDcOId2013-04-16iLF1l0o p38606-10r2020-06-25w2020-06-25yLFPDZNo se presta c38096d38096